The disenchantment of secular discourse /

Bibliographic Details
Main Author: Smith, Steven D. (Steven Douglas), 1952-
Format: Book
Language:English
Published: Cambridge, Mass. : Harvard University Press, 2010.
Subjects:

MARC

Tag First Indicator Second Indicator Subfields
LEADER 00000cam a2200000 a 4500
001 in00002575356
005 20151201152311.0
008 091009s2010 mau b 001 0 eng
010 |a  2009041104 
015 |a GBB052705  |2 bnb 
016 7 |a 015535253  |2 Uk 
020 |a 9780674050877 (alk. paper) 
020 |a 0674050878 (alk. paper) 
035 |a (OCoLC)ocn456170060 
035 |a (OCoLC)456170060 
040 |a DLC  |c DLC  |d BTCTA  |d YDXCP  |d C#P  |d UKM  |d BWX  |d UtOrBLW 
049 |a TXAM 
050 0 0 |a BL2747  |b .S645 2010 
082 0 0 |a 211/.6  |2 22 
100 1 |a Smith, Steven D.  |q (Steven Douglas),  |d 1952- 
245 1 4 |a The disenchantment of secular discourse /  |c Steven D. Smith. 
264 1 |a Cambridge, Mass. :  |b Harvard University Press,  |c 2010. 
300 |a 285 pages ;  |c 22 cm. 
336 |a text  |b txt  |2 rdacontent 
337 |a unmediated  |b n  |2 rdamedia 
338 |a volume  |b nc  |2 rdacarrier 
504 |a Includes bibliographical references and index. 
505 0 |a The way we talk now -- Living and dying in the "course of nature" -- Trafficking in harm -- Disoriented discourse : the secular subversion of religious freedom -- The heavenly city of the secular philosophers -- Science, humanity, and atrocity -- Opening up the cage? 
650 0 |a Secularism. 
650 0 |a Discussion. 
938 |a YBP Library Services  |b YANK  |n 3160577 
938 |a Blackwell Book Service  |b BBUS  |n R9848038  |c $26.95 
945 |a PromptCat  |b 15387 
946 |a stk 
947 |a A14840179799 
994 |a 92  |b TXA 
948 |a Cataloged  |b h  |c 2010/7/1  |d c  |e ibarton 
999 |a MARS 
999 f f |s 9941b9cc-6061-3e91-9e73-64df538ee332  |i 54820012-1752-3baf-9cd1-5505569b70b9  |t 0 
952 f f |p normal  |a Texas A&M University  |b College Station  |c Sterling C. Evans Library  |d Evans: Library Stacks  |t 0  |e BL2747 .S645 2010  |h Library of Congress classification  |i unmediated -- volume  |m A14840179799 
998 f f |a BL2747 .S645 2010  |t 0  |l Evans: Library Stacks